Top 10 Most Common Types of Cancer (US) - Statistics

General Stats
  • This quiz has been taken 141 times
  • The average score is 5 of 10
Answer Stats
Rank Answer % Correct
4 Lung
92%
2 Breast (women)
91%
5 Melanomas
75%
1 Prostate
64%
3 Colon and Rectal
54%
8 Kidney and Renal Pelvis
47%
10 Ovarian
30%
6 Bladder
28%
7 Non-Hodgkin Lymphoma
24%
9 Uterine
12%
No matching quizzes found
Score Distribution
Percent of People with Each Score
Percentile by Number Answered
Your Score History
You have not taken this quiz